000
00325nam a22001457a 4500
008
210311b ||||| |||| 00| 0 eng d
020
_a
9780070712829
041
_a
eng
080
_a
615.83
082
_a
615.83
100
_a
8
101
_a
EGZ
245
_a
Introductory Biomechanics
_c
McGbbon, CH. A
942
_2
udc
_c
BK
999
_c
56338
_d
56338